| 000 | 01103nam0a22003251 4500 | ||
|---|---|---|---|
| 001 | v19\rc\1789707 | ||
| 005 | 20260405214155.0 | ||
| 035 | _a(NLR Aleph) 005232438 | ||
| 090 |
_a5619677 _c5619677 |
||
| 100 | _a20061204d1905 |||y0rusy50 ca | ||
| 101 | 1 |
_arus _cfre |
|
| 102 | _aRU | ||
| 105 | _ay z ||||| | ||
| 200 | 1 |
_aО коллективизме _eПер. с фр. _fЖ. Гэд |
|
| 210 |
_aОдесса _cВперед _d1905 |
||
| 215 |
_a16 с. _d22 |
||
| 300 | _aЗагл. ориг.: Le collectivisme | ||
| 300 | _aПер. также под загл.: Коллективизм | ||
| 451 | 0 |
_12001#$aКоллективизм _tКоллективизм |
|
| 454 | 0 |
_12001#$aLe collectivisme _tLe collectivisme |
|
| 532 | 1 | 3 | _aО коллективизме |
| 700 | 1 |
_8rus _7ca _aГед _bЖ. _f1845-1922 _gЖюль _3RU\NLR\AUTH\7797151 _980077 |
|
| 801 | 0 |
_aRU _bNLR _c20061204 _gpsbo |
|
| 801 | 0 |
_aRU _bRuMoRGB _c20061204 _2psbo |
|
| 801 | 1 |
_aRU _bProSoft-M _c20061204 _2rusmarc |
|
| 801 | 2 |
_aRU _bNLR _c20110510 _2rusmarc |
|
| 852 |
_aNLR _j34.53.6.300 |
||
| 942 | _cBOOK | ||
| 980 | _aNB | ||